| 000 | 00378nam a2200145Ia 4500 | ||
|---|---|---|---|
| 008 | 210210b1978 xxu||||| |||| 00| 0 eng d | ||
| 082 | _a547.1 BANN | ||
| 100 | _aBANSAL (Raj K). | ||
| 245 | _aNomenclature of organic compounds. | ||
| 260 |
_aN D _bT M H _c1978 |
||
| 300 | _ax,42 | ||
| 650 | _aNomenclature Organic Compounds | ||
| 690 | _aOrganic Chemistry | ||
| 906 | _aCC00311 | ||
| 999 |
_c109166 _d109166 |
||